[Event "Baden-ch Seniors"]
[Site "Birkenfeld"]
[Date "2013.05.29"]
[Round "5"]
[White "Rothfuss, Gerhard"]
[Black "Rostek, Bettina"]
[Result "0-1"]
[WhiteElo "1653"]
[BlackElo "1849"]
[PlyCount "64"]
[EventDate "2013.05.25"]
[EventType "swiss"]
[EventRounds "9"]
[EventCountry "GER"]
[SourceTitle "EXT 2014"]
[Source "ChessBase"]
[SourceDate "2013.11.20"]
[SourceVersion "1"]
[SourceVersionDate "2013.11.20"]
[SourceQuality "1"]

1. d4 e6 2. c4 Bb4+ 3. Nc3 Bxc3+ 4. bxc3 h6 5. Nf3 Nf6 6. e3 d6 7. Bd3 Nbd7 8. 0-0 0-0 9. a4 b6 10. Re1 c5 11. Ba3 e5 12. e4 Qc7 13. Ra2 Re8 14. Rd2 Nf8 15. h3 Ng6 16. Bb2 Bd7 17. Bc2 Nf4 18. Ba1 Qc8 19. Nh2 Re7 20. Re3 Qa6 21. Bb3 Rae8 22. Qc2 exd4 23. cxd4 Rxe4 24. Rxe4 Rxe4 25. Rd1 Bf5 26. Qd2 Ne2+ 27. Kf1 Nxd4 28. Ba2 Re2 29. Qxe2 Nxe2 30. Kxe2 Qxa4 31. Rd2 Ne4 32. Rb2 Nc3+ 0-1